000 00827nam a2200277 a 4500
999 _c11769
_d11769
001 11769
003 BD-JhCC
005 20200903122305.0
008 200903b2019 enka|||| ||a| 001 0 eng d
020 _a9780241336243
035 _a(BD-JhCC)11769
040 _aBD-JhCC
_dBD-JhCC
041 _aeng
082 _a032
_bCHR 2019
100 _aChrisp,Peter
245 _aGeneral Knowledge Genius:
_b A Quiz Encyclopedia To Boost Your Brain /
_cPeter Chrisp, Clive Gifford, Derek Harvey, Andrea Mills, John Woodward
260 _aLondon:
_bDorling Kindersley Limited;
_c 2019.
300 _a192 p. :
_bill;
_c26 cm.
650 _aChildren's questions and answers
700 _aGifford,Clive
700 _aHarvey, Derek
700 _aMills, Andrea
700 _aWoodward,John
942 _2ddc
_cBK